00628 2200193 4500001002100000005001500021035002000036007000300056008004100059020000600100082001000106084001600116100001700132245012700149250002600276260003800302300005700340650003700397INLIS00000000000194620250812084404 a0010-0825000222ta250812 g 0 ind  a- a923.2 a923.2 TIM j0 aTim Jenggala1 aJenggala Kita: Yang tercecer di Balik Pilpres Jokowi-JK /cTim Jenggala (Penyusun); Roso Daras, Egy Massadiah (Penyunting) aCetakan I, April 2018 aJakarta :bJenggala Center,c2018 axi; 228 Halaman :bIlustrasi Berwarna; teks ;c21 cm 4aBiografi Politikus - Jusuf Kalla